| 000 | 00486nam a2200181Ia 4500 | ||
|---|---|---|---|
| 008 | 230711s9999||||xx |||||||||||||| ||und|| | ||
| 020 | _a978-1-138-02422-9 | ||
| 041 | _aENG | ||
| 082 |
_a720.1 _bNE-A |
||
| 100 | _aNeveu,Marc J | ||
| 245 | 0 | _aArchitecture's Appeal : How theory informs Architecture praxis | |
| 250 | _a1st Ed. | ||
| 260 |
_c2015 _aLondon _bRoutledge Taylor & Franic Group |
||
| 300 | _a311p. | ||
| 650 | _aArchitecture | ||
| 700 | _aDjavaherian,Negin | ||
| 942 | _cBK | ||
| 999 |
_c6805 _d6805 |
||